00448nam a22001457a 450000500170000001000130001702000270003003500130005703700090007008200130007924501090009226000300020130000220023150000490025320210901160700.0 aB-741369 a9780865439801c2166.00 aB-741369 bGift a909.0496 aThe African diaspora in the Indian ocean /cedited by Shihan De Silva Jayasuriya [and] Richard Pankhurst bAfrican World Pressc2003 a293p.:c23cm(pbk) ainclude bibliographical references and index